| 000 | 00589cam a2200229ua 4500 | ||
|---|---|---|---|
| 005 | 20250920092821.0 | ||
| 008 | 110826n ii |||gr||||Z||||||asm | ||
| 020 | _a86827-27-7 | ||
| 040 | _cMAIN | ||
| 041 | _dasm | ||
| 082 |
_a400 _bTHA |
||
| 100 | 1 |
_aThakur, Nagen, _eauthor |
|
| 245 | 1 |
_aPrithivir bibhinna bhasha/ _cby Nagen Thakur |
|
| 250 | _a3rd. | ||
| 260 |
_aGuahati: _bJyoti Prakashan, _c2018. |
||
| 300 |
_a170p: _c23cm. |
||
| 650 | _aLanguages of the world | ||
| 653 | _aLanguage | ||
| 653 | _aAssamese language | ||
| 653 | _aPrithivir bibhinna bhasha | ||
| 942 |
_cBK _2ddc |
||
| 999 |
_c2389 _d2389 |
||